Art in America/ (Record no. 3212)

MARC details
000 -LEADER
campo de control de longitud fija 01262nam a22003977a 4500
003 - IDENTIFICADOR DE NÚMERO DE CONTROL
campo de control OSt
005 - FECHA Y HORA DE LA ÚLTIMA TRANSACCIÓN
campo de control 20230315123457.0
008 - DATOS DE LONGITUD FIJA--INFORMACIÓN GENERAL
campo de control de longitud fija 221006b |||||||| |||| 00| 0 eng d
040 ## - FUENTE DE CATALOGACIÓN
Centro/agencia transcriptor Biblioteca Lado V
082 ## - NÚMERO DE LA CLASIFICACIÓN DECIMAL DEWEY
Número de clasificación 701.1
Número de ítem B167a
100 ## - ENTRADA PRINCIPAL--NOMBRE DE PERSONA
9 (RLIN) 783
Nombre de persona Baker, Elizabeth C.
Término indicativo de función/relación editora
245 ## - MENCIÓN DEL TÍTULO
Título Art in America/
260 ## - PUBLICACIÓN, DISTRIBUCIÓN, ETC.
Nombre del editor, distribuidor, etc. Whitney Communications Corporation Magazine Division
Fecha de publicación, distribución, etc. 1996
Lugar de publicación, distribución, etc. New York
300 ## - DESCRIPCIÓN FÍSICA
Dimensiones 22x29cm
Extensión 104p.
366 ## - INFORMACIÓN SOBRE DISPONIBILIDAD COMERCIAL
Nota eng
490 ## - MENCIÓN DE SERIE
Mención de serie Julio
Designación de volumen o secuencia 1996
505 ## - NOTA DE CONTENIDO CON FORMATO
Título Letters
505 ## - NOTA DE CONTENIDO CON FORMATO
Título Front Page
505 ## - NOTA DE CONTENIDO CON FORMATO
Título Review of Books
505 ## - NOTA DE CONTENIDO CON FORMATO
Título Report from Indonesia
505 ## - NOTA DE CONTENIDO CON FORMATO
Título De Chirico's Long American Shadow
505 ## - NOTA DE CONTENIDO CON FORMATO
Título The Abstract Century
505 ## - NOTA DE CONTENIDO CON FORMATO
Título Glamour Girls
505 ## - NOTA DE CONTENIDO CON FORMATO
Título Ends and Means
505 ## - NOTA DE CONTENIDO CON FORMATO
Título Ruins and Replicas
505 ## - NOTA DE CONTENIDO CON FORMATO
Título Bombs 'R' Us
505 ## - NOTA DE CONTENIDO CON FORMATO
Título Review of Exhibitions
505 ## - NOTA DE CONTENIDO CON FORMATO
Título Artworld
650 ## - PUNTO DE ACCESO ADICIONAL DE MATERIA--TÉRMINO DE MATERIA
Fuente del encabezamiento o término Tesauro de Arte & Arquitectura
Término de materia o nombre geográfico como elemento de entrada ARTE
9 (RLIN) 703
650 ## - PUNTO DE ACCESO ADICIONAL DE MATERIA--TÉRMINO DE MATERIA
Fuente del encabezamiento o término Tesauro de Arte & Arquitectura
Término de materia o nombre geográfico como elemento de entrada CRITICA
650 ## - PUNTO DE ACCESO ADICIONAL DE MATERIA--TÉRMINO DE MATERIA
Fuente del encabezamiento o término Tesauro de Arte & Arquitectura
Término de materia o nombre geográfico como elemento de entrada APRECIACION
650 ## - PUNTO DE ACCESO ADICIONAL DE MATERIA--TÉRMINO DE MATERIA
Fuente del encabezamiento o término Tesauro de Arte & Arquitectura
Término de materia o nombre geográfico como elemento de entrada COLECCIONISMO
650 ## - PUNTO DE ACCESO ADICIONAL DE MATERIA--TÉRMINO DE MATERIA
Fuente del encabezamiento o término Tesauro de Arte & Arquitectura
Término de materia o nombre geográfico como elemento de entrada ARTE - USA
700 ## - ENTRADA AGREGADA--NOMBRE PERSONAL
Nombre de persona Shanley, Paul
Término indicativo de función/relación publicista
942 ## - ELEMENTOS DE ENTRADA SECUNDARIOS (KOHA)
Fuente del sistema de clasificación o colocación Clasificación Decimal Dewey
Tipo de ítem Koha Libros
Parte de la signatura que corresponde a la clasificación (Parte de la clasificación) 701.1
Parte de la signatura que identifica el ejemplar (Parte del ítem) B167a
Suprimir en OPAC No

No items available.